000 00306 a2200157 4500
001 174311
020 _a
040 _cMagnum
100 _aSiguemoto, Regina
240 1 0 _aO pirata perneta
_lpor
245 1 0 _aO pirata perneta
362 0 _a1899
440 1 _aFTD
697 _aI/GERAL
942 _cBK
999 _c174311
_d174311